|
|
|
|
| LEADER |
01327nam a2200277 a 4500 |
| 001 |
13685489 |
| 003 |
BD-DhAAL |
| 005 |
20230515133225.0 |
| 008 |
090615s2005 njua b 001 0 eng d |
| 010 |
|
|
|a 2004018971
|
| 020 |
|
|
|a 0131446800
|
| 040 |
|
|
|a DLC
|c DLC
|d DLC
|d BD-DhAAL
|
| 082 |
0 |
0 |
|a 658.4012
|2 22
|
| 100 |
1 |
|
|a Coulter, Mary K.
|9 165
|
| 245 |
1 |
0 |
|a Strategic management in action /
|c Mary Coulter.
|
| 250 |
|
|
|a Third edition
|
| 260 |
|
|
|a Upper Saddle River, NJ :
|b Pearson Prentice Hall,
|c c2005.
|
| 300 |
|
|
|a xv, 350 pages :
|b illustrations ;
|c 26 cm.
|
| 504 |
|
|
|a Includes bibliographical references and index.
|
| 505 |
0 |
|
|a Introducing the concepts -- The context of managing strategically -- Assessing opportunities and threats : doing an external analysis -- Assessing strengths and weaknesses : doing an internal analysis -- Functional strategies -- Competitive strategies -- Corporate strategies -- Strategic management in other organization types.
|
| 541 |
1 |
|
|e 00014849
|
| 650 |
|
0 |
|a Strategic planning.
|
| 852 |
4 |
|
|a Ayesha Abed Library
|j General Shelf.
|
| 942 |
|
|
|2 ddc
|c BK
|
| 999 |
|
|
|c 1702
|d 1702
|
| 952 |
|
|
|0 0
|1 0
|2 ddc
|4 0
|6 658_401200000000000_COU
|7 0
|9 1558
|a BRACUL
|b BRACUL
|c GEN
|d 2009-06-28
|g 0.00
|l 2
|o 658.4012 COU
|p 3010014849
|r 2016-01-27
|s 2016-01-25
|t 1
|w 2009-06-28
|y BK
|x No price found in the accession register.
|